000 00363nam a2200133Ia 4500
008 151001s9999||||xx |||||||||||||| ||und||
100 _aR. C. Majumdar
245 _aSwami Vivekanda a histoncal review
250 _a1
260 _bubs publishing
260 _c1999
300 _a61
365 _b21
999 _c978026
_d978023